Państwa graniczące z ZSRR - Statystyki

Ogólne statystyki
  • Ten quiz został rozwiązany 1 776 razy
  • Średni wynik to 9 z 12
Statystyki odpowiedzi
Kraj % Poprawnych
Polska
99%
Chiny
95%
Finlandia
88%
Mongolia
85%
Rumunia
84%
Turcja
78%
Iran
77%
Korea Północna
74%
Afganistan
71%
Czechosłowacja
67%
Norwegia
66%
Węgry
61%
Nie znaleziono quizów pasujących do podanych kryteriów
Rozkład punktacji
Procent ludzi z każdym wynikiem
Percentyl według liczby udzielonych odpowiedzi
Twoja historia wyników
Nie rozwiązałeś tego quizu